Laying down the law: (Record no. 114259)
[ view plain ]
| 000 -LEADER | |
|---|---|
| fixed length control field | 00549nam a2200181 a 4500 |
| 005 - DATE AND TIME OF LATEST TRANSACTION | |
| control field | 20140414132054.0 |
| 008 - FIXED-LENGTH DATA ELEMENTS--GENERAL INFORMATION | |
| fixed length control field | 121024s19uu xx 00 eng d |
| 020 ## - INTERNATIONAL STANDARD BOOK NUMBER | |
| International Standard Book Number | 1579545858 |
| 050 ## - LIBRARY OF CONGRESS CALL NUMBER | |
| Classification number | TR 649.1 |
| Item number | P478 2002 |
| 100 ## - MAIN ENTRY--PERSONAL NAME | |
| Personal name | Peters, Ruth |
| 245 ## - TITLE STATEMENT | |
| Title | Laying down the law: |
| Remainder of title | the 25 laws of parenting to keep your kids on track,out of trouble and (pretty much) under control. |
| 260 ## - PUBLICATION, DISTRIBUTION, ETC. (IMPRINT) | |
| Place of publication, distribution, etc | U.S.A : |
| Name of publisher, distributor, etc | RODALE, |
| Date of publication, distribution, etc | 2002. |
| 300 ## - PHYSICAL DESCRIPTION | |
| Extent | 230 |
| 650 ## - SUBJECT ADDED ENTRY--TOPICAL TERM | |
| Topical term or geographic name as entry element | Parenting. |
| 650 ## - SUBJECT ADDED ENTRY--TOPICAL TERM | |
| Topical term or geographic name as entry element | Child rearing. |
| 650 ## - SUBJECT ADDED ENTRY--TOPICAL TERM | |
| Topical term or geographic name as entry element | Discipline of children. |
| Withdrawn status | Lost status | Damaged status | Home library | Current library | Shelving location | Date acquired | Source of acquisition | Total Checkouts | Full call number | Barcode | Date last seen | Price effective from | Koha item type |
|---|---|---|---|---|---|---|---|---|---|---|---|---|---|
| Munich Library | Munich Library | Teachers Reference Section | 10/24/2012 | TR 649.1 P478 2002 | M6036 | 04/14/2014 | 04/14/2014 | Books |